000 00473nam a22001817a 4500
999 _c35861
_d35861
003 OSt
005 20220819145901.0
008 220819b ||||| |||| 00| 0 spa d
020 _a972-25-0879-2
040 _cBiblioteca Ernesto Sábato
092 _a808.06
_bC824
_eBDGR
100 _aPastor, Enrique
245 _aEspanhol correspondencia
260 _aParís
_bBertrand
_c1995
300 _a185 p.
650 _aCORRESPONDENCIA PORTUGUES-ESPAÑOL
942 _2ddc
_cBDGR